000
00288nam a2200097Ia 4500
008
230915s9999 xx 000 0 und d
050
_a
BV 4647 .J68 M49 2004
100
_a
MEYER, JOYCE
245
0
_a
SEVEN THINGS THAT STEAL YOUR JOY, OVERCOMING THE OBSTACLES TO YOUR HAPPINESS
942
_c
BK
999
_c
67716
_d
67716